[Event "CD Meyer Gedenkturnier 2020"]
[Site "Bremen"]
[Date "2020.10.16"]
[Round "7.8"]
[White "Lubbe, Melanie"]
[Black "Colbow, Collin"]
[Result "0-1"]
[WhiteElo "2254"]
[BlackElo "2247"]
[Annotator "ChessBase"]
[PlyCount "94"]
[EventDate "2020.10.10"]
[EventType "swiss"]
[EventCountry "GER"]
[SourceTitle "playchess.com"]
[Source "ChessBase"]
[SourceQuality "1"]

1. e4 c5 2. Nf3 d6 3. Bb5+ Nd7 4. d4 cxd4 5. Qxd4 a6 6. Bxd7+ Bxd7 7. Nc3 e5 8. Qd3 h6 9. Nd2 Nf6 10. Nc4 Be6 11. Ne3 Be7 12. O-O O-O 13. Rd1 Rc8 14. b3 Qa5 15. Bb2 b5 16. a4 b4 17. Ncd5 Nxd5 18. exd5 Bd7 19. f4 exf4 20. Nc4 Qc5+ 21. Kh1 Bg4 22. Rf1 Bg5 23. Rae1 Rce8 24. c3 Rxe1 25. Rxe1 Qf2 26. Rf1 Qe2 27. Qxe2 Bxe2 28. Rf2 Bxc4 29. bxc4 Re8 30. g3 fxg3 31. hxg3 bxc3 32. Bxc3 Rc8 33. Bb4 Rxc4 34. Bxd6 Rxa4 35. Bc7 Rd4 36. d6 a5 37. Rb2 a4 38. Rb8+ Kh7 39. Ra8 Bc1 40. Kg2 Ba3 41. Ra6 Bc5 42. Rc6 Bb4 43. Kf3 a3 44. Ke3 a2 45. Ra6 Bc5 46. Kf3 Rd3+ 47. Ke4 Ba3 0-1

[Event "CD Meyer Gedenkturnier 2020"]
[Site "Bremen"]
[Date "2020.10.16"]
[Round "7.9"]
[White "Lubbe, Nikolas"]
[Black "Coll Ortega, Jordi"]
[Result "1-0"]
[WhiteElo "2443"]
[BlackElo "2268"]
[Annotator "ChessBase"]
[PlyCount "97"]
[EventDate "2020.10.10"]
[EventType "swiss"]
[EventCountry "GER"]
[SourceTitle "playchess.com"]
[Source "ChessBase"]
[SourceQuality "1"]

1. c4 Nf6 2. g3 e6 3. Bg2 d5 4. Nf3 Be7 5. O-O O-O 6. b3 b6 7. Bb2 Bb7 8. e3 c5 9. Qe2 Qc8 10. d3 Nc6 11. e4 dxe4 12. dxe4 Rd8 13. e5 Ng4 14. Na3 a6 15. Nc2 Nh6 16. Rad1 Qc7 17. Ne3 Nb4 18. a3 Nc6 19. g4 Nd4 20. Bxd4 cxd4 21. Nxd4 Bxg2 22. Nxg2 Bxa3 23. g5 Bc5 24. Nxe6 fxe6 25. gxh6 Rxd1 26. Rxd1 Rf8 27. Rf1 Rf5 28. hxg7 Rxe5 29. Qd2 Qxg7 30. b4 Bf8 31. Re1 Rg5 32. f4 Rg6 33. Kh1 Qb7 34. Re3 Bxb4 35. Qe2 Qc6 36. h4 Bc5 37. Re5 Qd6 38. h5 Qd4 39. Rxc5 Qxc5 40. hxg6 hxg6 41. Qxe6+ Kg7 42. Ne3 a5 43. Qd7+ Kh8 44. Nd5 Qd4 45. Qe8+ Kg7 46. Qe7+ Kh6 47. Qf8+ Kh5 48. Nf6+ Kh4 49. Qh8+ 1-0

[Event "CD Meyer Gedenkturnier 2020"]
[Site "Bremen"]
[Date "2020.10.16"]
[Round "7.10"]
[White "Sreyas Payyappat"]
[Black "Rafiee, Makan"]
[Result "1/2-1/2"]
[WhiteElo "2144"]
[BlackElo "2336"]
[Annotator "ChessBase"]
[PlyCount "134"]
[EventDate "2020.10.10"]
[EventType "swiss"]
[EventCountry "GER"]
[SourceTitle "playchess.com"]
[Source "ChessBase"]
[SourceQuality "1"]

1. e4 d5 2. exd5 Qxd5 3. d4 Nc6 4. Nf3 Bg4 5. Be2 O-O-O 6. c4 Qa5+ 7. Bd2 Qf5 8. Be3 Bxf3 9. Bxf3 Nxd4 10. Bxd4 Qe6+ 11. Be2 Qe4 12. O-O Qxd4 13. Qa4 e6 14. Nc3 Nf6 15. Bf3 Qb6 16. b4 Rd4 17. c5 Qa6 18. Qb3 Qc4 19. Qa3 a6 20. Rad1 e5 21. Rxd4 exd4 22. Ne4 Nd5 23. Rb1 c6 24. Qb2 Be7 25. a3 Nc3 26. Rc1 Re8 27. g3 Qd3 28. Bg4+ Kc7 29. Nxc3 dxc3 30. Qxc3 Qxc3 31. Rxc3 Bf6 32. Rd3 Rd8 33. Re3 a5 34. Re4 Rd4 35. Rxd4 Bxd4 36. Be2 Bc3 37. bxa5 Bxa5 38. Bc4 f6 39. f3 Bc3 40. Kf2 Bd4+ 41. Ke2 Bxc5 42. a4 Kb6 43. Be6 Bg1 44. h3 Kc5 45. Bc8 b6 46. Bd7 Bd4 47. h4 b5 48. axb5 cxb5 49. h5 Kc4 50. Kd2 Bf2 51. g4 b4 52. Be6+ Kd4 53. Kc2 Ke3 54. Bd5 Kf4 55. Be4 h6 56. Kb3 Be1 57. Kc4 Ke5 58. Bf5 Kf4 59. Be4 Ke3 60. Kb3 Kd4 61. Bf5 Bc3 62. Be4 Ke3 63. Kc2 Be5 64. Kb3 Bd6 65. Kc4 Kf4 66. Kb3 Be7 67. Kc2 Ke5 1/2-1/2

[Event "CD Meyer Gedenkturnier 2020"]
[Site "Bremen"]
[Date "2020.10.16"]
[Round "7.11"]
[White "Steffens, Olaf"]
[Black "Kardoeus, David"]
[Result "1/2-1/2"]
[WhiteElo "2171"]
[BlackElo "2172"]
[Annotator "ChessBase"]
[PlyCount "183"]
[EventDate "2020.10.10"]
[EventType "swiss"]
[EventCountry "GER"]
[SourceTitle "playchess.com"]
[Source "ChessBase"]
[SourceQuality "1"]

1. b4 e5 2. a3 d5 3. Bb2 Bd6 4. c4 dxc4 5. e3 Be6 6. Qc2 b5 7. d3 cxd3 8. Bxd3 a6 9. f4 Nd7 10. Nf3 c5 11. Nbd2 Rc8 12. Ne4 Be7 13. O-O Nh6 14. Nxe5 Nxe5 15. fxe5 Ng4 16. bxc5 Nxe3 17. Qc3 Bxc5 18. Nxc5 Qd5 19. Bxb5+ axb5 20. Qxe3 Qxc5 21. Bd4 Qd5 22. Rac1 O-O 23. Bc5 Rfd8 24. h3 Qa2 25. Qg5 h6 26. Qg3 Rd2 27. Bb4 Rdc2 28. Ra1 Qb3 29. Qxb3 Bxb3 30. Rad1 Re2 31. Rde1 Rcc2 32. Rxe2 Rxe2 33. Bd6 Rd2 34. Rf2 Rd1+ 35. Kh2 Be6 36. Rc2 Kh7 37. Kg3 Rd3+ 38. Kf2 h5 39. Rc5 Rb3 40. Rc2 Kh6 41. Re2 Bc4 42. Rd2 Kg5 43. Rd4 Rb2+ 44. Kg1 Kf5 45. a4 Ke6 46. axb5 Bd5 47. Rb4 Rxg2+ 48. Kf1 Ra2 49. b6 Bb7 50. Bc7 Rd2 51. Rh4 g6 52. Ke1 Rb2 53. Rd4 Bd5 54. h4 Rb5 55. Kd2 f6 56. exf6 Kxf6 57. Rf4+ Ke6 58. Ra4 Bc6 59. Ra6 Kd7 60. Ra3 Rd5+ 61. Ke3 g5 62. hxg5 Rxg5 63. Kf4 Rb5 64. Rd3+ Rd5 65. Rg3 Kc8 66. Rg8+ Kb7 67. Rh8 Ka6 68. Rh6 Bb7 69. Be5 Rb5 70. Bd4 Rd5 71. Ke3 Rf5 72. Kd3 Kb5 73. Rh7 Ka6 74. Kc4 Bd5+ 75. Kb4 Bb7 76. Rh6 Rb5+ 77. Kc4 Bd5+ 78. Kc3 Bb7 79. Rh7 Rf5 80. Be3 Ra5 81. Bf2 Rf5 82. Bd4 Rb5 83. Rh6 Rf5 84. Kd2 Kb5 85. Ke3 Rf3+ 86. Ke2 Rf5 87. Be3 Ka6 88. Bf2 Bf3+ 89. Ke3 Bb7 90. Rd6 Rd5 91. Rf6 Rb5 92. Kd2 1/2-1/2

[Event "CD Meyer Gedenkturnier 2020"]
[Site "Bremen"]
[Date "2020.10.17"]
[Round "8.1"]
[White "Kollars, Dmitrij"]
[Black "Papp, Gabor"]
[Result "1/2-1/2"]
[WhiteElo "2588"]
[BlackElo "2602"]
[Annotator "TA"]
[PlyCount "101"]
[EventDate "2020.10.10"]
[EventType "swiss"]
[EventCountry "GER"]
[SourceTitle "playchess.com"]
[Source "ChessBase"]
[SourceQuality "1"]

{[%evp 12,101,14,9,8,17,17,20,21,7,6,9,15,15,8,9,16,9,12,6,8,14,52,52,52,52,54,43,43,40,36,38,38,24,39,34,34,35,76,76,85,84,84,84,84,84,84,84,84,76,76,72,72,64,64,64,64,64,65,64,89,0,64,64,66,10,64,64,81,0,74,80,66,35,93,0,66,50,52,50,50,50,50,50,55,55,55,0,56,0,56,0]} 1. e4 e5 2. Nf3 Nf6 3. Nxe5 d6 4. Nf3 Nxe4 5. c4 Nc6 6. Nc3 Nxc3 7. dxc3 g6 {C42: Petroff Defence: 3 Nxe5 and unusual White 3rd moves.} 8. Be3 Bg7 9. c5 dxc5 {[#] The position is equal.} 10. Qxd8+ $146 ({Predecessor:} 10. Bxc5 Be6 11. Bb5 Qd5 12. Qxd5 Bxd5 13. Nd4 Bxd4 14. Bxd4 O-O 15. Bxc6 Bxc6 16. f3 f6 17. Kf2 Kf7 18. h4 Rfd8 {½-½ (18) Dijon,J (2461)-Sorcnik,K (2346) ICCF email 2017}) 10... Nxd8 11. Bxc5 Ne6 12. Be3 Bd7 13. O-O-O a6 14. Bc4 O-O-O 15. Bd5 Rhe8 16. Rd2 Bc6 17. Bxc6 bxc6 18. Rhd1 Rxd2 19. Nxd2 f5 {White should prevent ...f4.} 20. Nb3 Be5 21. h3 Bf4 22. Rd3 Rd8 23. Rxd8+ Kxd8 $14 {[%mdl 4096] Endgame KBN-KBN} 24. Kd2 Bd6 25. Kd3 Kd7 26. Kc4 Kc8 27. Nc1 Kb7 28. Nd3 Kc8 29. b4 Kd7 30. f3 Kc8 31. a4 Kd7 32. a5 Kc8 33. Kb3 Kb7 34. c4 Kc8 35. Kc3 Kb7 36. Kd2 (36. f4 $16) 36... Kc8 ({Black should try} 36... c5 $1 $11) 37. Kc2 Kb7 38. Kb2 (38. f4 $14) 38... Kc8 ({Black should play} 38... c5 $1 $11) 39. Kb3 Kb8 40. Kc3 Kb7 $1 41. f4 Kc8 42. Kd2 Kb7 (42... c5 $14) 43. Ke2 (43. c5 $16) 43... Kc8 (43... c5 $1 $11) 44. g4 Be7 45. g5 Bf8 46. Kd2 Bg7 47. Kc2 Kb7 48. Kb3 Bh8 49. Kc2 Bg7 50. Kb3 Bh8 $1 51. Kc2 {Av CentiPawn Loss W=-9/B=-13. Weighted=-10/-16} (51. Bc5 $14) 1/2-1/2

[Event "CD Meyer Gedenkturnier 2020"]
[Site "Bremen"]
[Date "2020.10.17"]
[Round "8.2"]
[White "Donchenko, Alexander"]
[Black "Grigorian, Spartak"]
[Result "1-0"]
[WhiteElo "2658"]
[BlackElo "2433"]
[Annotator "TA"]
[PlyCount "83"]
[EventDate "2020.10.10"]
[EventType "swiss"]
[EventCountry "GER"]
[SourceTitle "playchess.com"]
[Source "ChessBase"]
[SourceQuality "1"]

{[%evp 22,83,29,23,33,27,39,15,26,27,30,18,45,36,142,135,157,120,142,97,133,123,163,54,151,93,140,125,189,166,168,76,70,76,68,66,100,102,228,229,428,457,543,537,29987,29988,29986,29987,29990,29991,29991,29992,29992,29993,29993,29990,29989,29990,29990,4602,29989,29990,29990,29991]} 1. c4 e6 2. Nc3 d5 3. d4 Nf6 4. cxd5 exd5 5. Bg5 c6 6. e3 Be7 7. Bd3 Nbd7 8. Qc2 O-O 9. Nf3 Re8 10. O-O Nf8 11. h3 Ne4 12. Bf4 f5 {has lost popularity (12...Nxc3). D36: Queen's Gambit Declined: Exchange Variation: Main line (5 Bg5 c6 6 Qc2).} 13. Bh2 $5 {[%mdl 4] An interesting side line.} Bd6 {[#]} 14. Rab1 $146 ({Predecessor:} 14. Bxd6 Qxd6 15. Ne2 Qe7 16. g3 Be6 17. h4 Bf7 18. Ne5 Nd7 19. Nxd7 Qxd7 20. Nf4 {½-½ (31) Sun,W (2269)-Ziegler,P (2290) ICCF email 2017}) 14... a5 {The position is equal.} 15. a3 Bxh2+ 16. Kxh2 Qd6+ 17. Ne5 c5 ({Better is} 17... Nc5 $14) 18. f4 ({Resist} 18. Bxe4 $6 dxe4 19. Nb5 Qb6 $14) ({Inferior is} 18. Nxe4 fxe4 19. Bb5 Bd7 $17) 18... Ne6 19. Nb5 ({But not} 19. Nxe4 $6 fxe4 20. Bb5 Re7 $16) 19... Qb6 {[%cal Rc5d4]} 20. Rbc1 {Strongly threatening dxc5.} cxd4 21. exd4 Re7 22. Qb3 ({White should try} 22. a4 $18) 22... Qd8 (22... Bd7 $1 $14) 23. Rcd1 (23. Bxe4 $142 $1 fxe4 24. Nc3 Nxd4 25. Qxd5+ Be6 26. Qxe4) 23... Ra6 24. a4 $1 {[%cal Ba3a4,Ba4b5][%mdl 32]} Rb6 (24... h6 $16 {keeps fighting.}) 25. Bxe4 $1 $18 fxe4 26. Qc3 (26. Rc1 $18 {is more deadly.}) 26... Bd7 $16 27. Qxa5 Bxb5 28. axb5 Rd6 29. Qb4 Qb6 {[#] Now Black is done in.} (29... Re8 $16) 30. f5 $1 $18 {[%cal Rf5e6]} Nxd4 $2 {[#]} (30... Nf8 {might work better.} 31. Rfe1 Qd8) 31. Nc6 $1 {[%cal Rc6e7][%mdl 576] Decoy} Nxc6 (31... bxc6 32. Qxd6) 32. Qxd6 {[%mdl 64] Double Attack} Qxb5 {intending ...d4.} 33. f6 Rf7 34. Ra1 h6 35. Ra8+ Kh7 {[#]} 36. fxg7 $1 {[%mdl 576] Discovered Attack, Overworked Piece} Rxg7 37. Rf6 {[%csl Gd6][%cal Rf6h6]} Rxg2+ 38. Kxg2 {[%cal Rf6f7]} Qxb2+ 39. Rf2 Qg7+ 40. Kh2 (40. Kh1 $142 Ne5 41. Qxd5 e3 42. Rg2 Ng6 {[#]} 43. Qf5 $1 {[%mdl 512]} e2 44. Re8 e1=Q+ 45. Rxe1) 40... Ne5 41. Qxd5 Nf3+ 42. Rxf3 $1 {Av CentiPawn Loss W=-47/B=-97. Weighted=-30/-117} 1-0

[Event "CD Meyer Gedenkturnier 2020"]
[Site "Bremen"]
[Date "2020.10.17"]
[Round "8.3"]
[White "Koellner, Ruben Gideon"]
[Black "Wachinger, Nikolas"]
[Result "1/2-1/2"]
[WhiteElo "2337"]
[BlackElo "2334"]
[Annotator "TA"]
[PlyCount "131"]
[EventDate "2020.10.10"]
[EventType "swiss"]
[EventCountry "GER"]
[SourceTitle "playchess.com"]
[Source "ChessBase"]
[SourceQuality "1"]

{[%evp 10,131,6,-10,4,-14,0,-6,-4,-5,-7,-7,-15,-8,0,0,0,0,0,-18,-2,-28,-8,-69,13,26,26,25,36,22,19,11,21,0,0,0,24,0,0,0,41,0,0,0,2,0,0,0,0,-36,-36,-45,-43,-38,-50,-71,-13,-65,-5,-34,0,0,0,0,0,0,0,0,0,0,0,0,15,11,8,17,22,0,17,11,12,4,8,0,0,0,0,0,0,0,0,0,0,0,0,0,0,0,8,8,8,8,8,8,8,8,8,8,8,8,8,8,8,8,8,8,8,8,8,8,8,0,0,0]} 1. d4 Nf6 2. Bf4 d5 3. e3 e6 4. Nf3 Bd6 5. Bg3 O-O 6. Nbd2 c5 {D02: 1 d4 d5 2 Nf3 sidelines, including 2...Nf6 3 g3 and 2...Nf6 3 Bf4.} 7. c3 Qc7 $1 {[%mdl 4] now scores much better than the old 7...Nc6.} 8. dxc5 Qxc5 9. Bd3 Nbd7 10. e4 {[#] Strongly threatening e5.} Bxg3 11. hxg3 dxe4 12. Nxe4 Nxe4 13. Bxe4 Nf6 14. Qc2 {[%cal Re4h7]} h6 {[#]} 15. O-O-O $146 ({Predecessor:} 15. O-O Bd7 16. Rad1 Rfd8 17. Bxb7 Rab8 18. b4 Qc7 19. Be4 Nxe4 20. Qxe4 Qxc3 21. Rd3 {½-½ (31) Esipenko,A (2593)-Najer,E (2670) Moscow 2018}) 15... e5 16. Rhe1 (16. Ng5 $11) 16... Bg4 (16... Nxe4 $15 17. Qxe4 Qxf2) 17. Rd2 $11 Bxf3 18. gxf3 Rab8 19. Red1 b5 20. Rd6 b4 21. c4 Rb6 22. Rd8 Rb8 23. R8d6 Rb6 24. Rd8 Rb8 25. Rxb8 Rxb8 26. Rd2 Kf8 27. Qd3 Ke7 28. Kc2 a5 29. f4 exf4 30. gxf4 Qc7 31. Bf3 Qxf4 32. c5 a4 (32... h5 $17) 33. Kd1 (33. c6 $11) 33... b3 (33... g5 $15) 34. a3 g5 35. Bc6 {The position is equal.} Rc8 36. Qd6+ Qxd6 37. cxd6+ {[%mdl 4096] Endgame KRB-KRN} Kd8 38. Bxa4 Ne4 39. Rd4 Nc5 40. Bb5 $1 Rb8 41. a4 Rb6 $1 42. d7 Ne6 43. Re4 (43. Rc4 {keeps more tension.} Nc7 44. Bc6 h5 45. Ke2 Ne6 46. Ke3) 43... h5 44. Ke1 h4 45. Kf1 Rd6 46. Re3 g4 47. a5 {With the idea a6.} Rd5 48. Rxb3 {Threatens to win with a6.} Nd4 49. Rd3 {[#] Black must now prevent Ba4.} Rxb5 50. Rxd4 Rxb2 51. Rxg4 {KR-KR} h3 {Hoping for ...Rb1+.} 52. Rh4 (52. Kg1 {with more complications.} h2+ 53. Kh1 Rxf2 54. Ra4 Rb2 55. a6) 52... Ra2 53. Rxh3 {Rf3 is the strong threat.} Rxa5 54. Rf3 Kxd7 55. Rxf7+ Ke6 56. Rb7 Kf6 57. Rb6+ Kf5 58. Kg2 Ra3 59. f3 Ra1 60. Rb8 Rc1 61. Rf8+ Kg6 62. Kg3 Rc4 63. Ra8 Kf5 64. Ra5+ Kf6 65. f4 Rc1 66. Ra6+ {Av CentiPawn Loss W=-6/B=-6. Weighted=-7/-9} 1/2-1/2

[Event "CD Meyer Gedenkturnier 2020"]
[Site "Bremen"]
[Date "2020.10.17"]
[Round "8.5"]
[White "Kardoeus, David"]
[Black "Schulze, Lara"]
[Result "1-0"]
[WhiteElo "2172"]
[BlackElo "2314"]
[Annotator "TA"]
[PlyCount "139"]
[EventDate "2020.10.10"]
[EventType "swiss"]
[EventCountry "GER"]
[SourceTitle "playchess.com"]
[Source "ChessBase"]
[SourceQuality "1"]

{[%evp 10,139,16,17,16,16,18,14,30,18,13,16,0,0,1,0,0,-10,0,0,0,0,0,0,0,-15,0,0,0,8,0,0,0,0,0,0,0,-4,11,-20,-20,-9,25,0,6,0,7,0,64,60,61,56,52,53,87,105,129,131,141,141,140,90,154,154,161,161,161,161,161,154,147,101,106,106,186,186,186,186,186,186,186,186,186,186,186,147,186,186,186,186,186,186,186,186,186,168,168,153,153,153,153,153,153,153,153,153,186,186,186,186,186,186,208,213,244,235,206,198,1632,1297,29977,29978,29977,576,505,198,6049,5839,29981,29982,29986,29987]} 1. e4 e6 2. d4 d5 3. Nd2 c5 4. exd5 Qxd5 5. Ngf3 cxd4 6. Bc4 Qd7 {C07: French Tarrasch: 3...c5, 4 Ngf3 and 4 exd5 Qxd5.} 7. O-O Nc6 8. Nb3 {[%cal Rb3d4]} a6 {The position is equal.} 9. Nbxd4 Nxd4 10. Nxd4 Qc7 11. Qe2 Bd6 12. Nf5 Bxh2+ 13. Kh1 {[#] And now g3 would win.} Be5 14. Re1 g6 15. Qxe5 Qxe5 16. Rxe5 gxf5 {[#]} 17. Rc5 $146 ({Predecessor:} 17. Bd2 Ne7 18. Bc3 Rg8 19. Re3 b5 20. Bf1 Nd5 21. Rh3 Nxc3 22. Rxc3 Bd7 23. Rd1 {0-1 (46) Plat,V (2522)-Bluebaum,M (2632) Minsk 2017}) 17... Bd7 18. b3 {Black must now prevent Bb2.} Ne7 19. Rc7 b5 20. Bb2 {[#] Hoping for Rd1.} Kd8 21. Rc5 Rg8 22. Bf1 Rc8 23. Bd4 Rg4 24. c3 (24. Rxc8+ {keeps more tension.} Bxc8 25. Bc5 Kd7 26. Rd1+ Ke8 27. Bb6) 24... Rxc5 25. Bxc5 Nc6 26. b4 Ne5 27. Rd1 Nc4 28. f3 Rh4+ (28... Rg6 $1 $11) 29. Kg1 $14 Kc7 30. Bf2 Rh6 31. Bg3+ e5 32. Bxc4 $1 bxc4 33. Bxe5+ $16 {[%mdl 4096] Endgame KRB-KRB} Kc8 34. Rd4 Rc6 35. a4 Be6 (35... Re6 $142) 36. Kf2 Kb7 37. Rh4 Rc8 38. Rxh7 Rd8 39. Bd4 Rg8 40. b5 axb5 41. axb5 {[%cal Ba4b5,Bb5b6][%mdl 32]} Ra8 (41... f4 $16 42. Rh4 Rg5 43. Rxf4 Rxb5) 42. Ke3 $18 Rg8 43. Rh2 Bd7 44. b6 Re8+ 45. Kf2 Ra8 46. Rh7 Be6 47. Rg7 Kc6 48. Ke3 Kd5 49. Kf4 Rd8 50. Rh7 Rg8 51. g3 Kc6 52. Rh2 Kb7 53. Rg2 Bd5 54. Ra2 Ra8 55. Rf2 Rg8 56. Ke5 Be6 57. Rg2 Rd8 58. g4 fxg4 59. fxg4 Re8 60. Kf6 Rg8 61. g5 Bd5 62. Ra2 Rg6+ 63. Kf5 {Strongly threatening Ra7+.} Be6+ $2 (63... Kb8 64. Ra7 Bb7) 64. Kf4 Bd5 65. Ra7+ Kc8 66. Bf6 (66. Rc7+ $142 Kb8 67. Rd7 Bf3 68. Be5+ Kc8 69. Rc7+ Kb8 70. Rxf7+ Kc8 71. Rc7+ Kb8 72. Rg7+ Kc8 73. Rxg6) 66... Bb7 67. Ra4 $2 (67. Ra5 {Threatens to win with Rc5+.} Bg2 68. Ra2) 67... Bd5 $2 (67... Bc6 68. Ra7 (68. Rxc4 Kb7 $18) 68... Bb7) 68. Ke5 Be6 69. Ra7 Rg8 70. Ra8+ {Av CentiPawn Loss W=-34/B=-68. Weighted=-26/-47} 1-0

[Event "CD Meyer Gedenkturnier 2020"]
[Site "Bremen"]
[Date "2020.10.17"]
[Round "8.6"]
[White "Reuker, Jari"]
[Black "Fier, Alexandr"]
[Result "1/2-1/2"]
[WhiteElo "2399"]
[BlackElo "2562"]
[Annotator "TA"]
[PlyCount "315"]
[EventDate "2020.10.10"]
[EventType "swiss"]
[EventCountry "GER"]
[SourceTitle "playchess.com"]
[Source "ChessBase"]
[SourceQuality "1"]

{[%evp 17,315,30,64,28,144,28,80,73,89,86,102,73,87,69,76,58,63,60,78,86,77,94,68,83,89,0,0,0,0,0,0,0,43,-123,-43,-126,-118,-235,-243,-225,-236,-218,-54,-62,-58,-66,-24,-26,-27,-27,-24,-25,-22,-22,-26,-28,0,0,0,-15,-38,-63,-12,-74,-66,-137,-132,-132,-101,-147,-112,-206,-197,-185,-68,-66,-50,-69,-66,-113,-17,-13,0,0,0,0,0,-8,-8,-8,-12,-30,-27,-33,-17,-17,-18,-58,-58,-59,-40,-41,-37,-45,-20,-29,-22,-22,-8,-8,-8,-8,0,-8,-8,-8,-8,-29,-30,-41,-40,-62,-62,-62,-62,-65,-62,-62,-62,-62,-62,-62,-62,-62,-62,-62,-62,-62,-62,-62,-62,-62,-62,-62,-62,-62,-62,-62,-62,-62,-62,-62,-62,-62,-62,-62,-62,-62,-62,-62,-61,-60,-59,-59,-59,-62,-62,-62,-62,-62,-62,-62,-62,-62,-62,-62,-50,-48,-48,-27,-28,-56,-50,-62,-62,-62,-62,-62,-62,-62,-48,-62,-62,-62,-62,-62,-48,-62,-62,-62,-62,-62,-50,-50,-8,-62,-8,-8,-8,-62,-62,-62,-62,-63,-59,-60,-8,-8,-8,-49,-49,-49,-8,-50,-8,-8,-8,-8,-8,-50,-8,-8,-8,-8,-8,-8,-8,-8,0,0,0,0,0,0,0,0,0,0,0,0,0,0,0,0,0,0,0,0,0,0,0,0,0,0,0,0,0,0,0,0,0,0,0,0,0,0,0,0,0,0,0,0,0,0,0,0,0,0,0,0,0,0,0,0,0,0,0,0,0,0]} 1. d4 Nf6 2. c4 c5 3. d5 g6 4. Nc3 Bg7 5. e4 O-O 6. Nf3 e6 7. Be2 d6 8. h3 Re8 9. O-O Na6 10. Re1 {E91: King's Indian: Classical: 6 Be2, unusual replies including 6...c5 and 6...Bg4.} Nc7 {[#]} (10... exd5 $11 {remains equal.} 11. exd5 Bf5) 11. Bf4 $146 (11. e5 $16) ({Predecessor:} 11. Bg5 a6 12. e5 dxe5 13. d6 {1-0 (13) Premnath,R (2263)-Ovezdurdiyeva,J (2061) chess.com INT 2020}) 11... e5 (11... exd5 $11 12. exd5 b5) 12. Be3 {White is better.} Nd7 13. Qc2 Rf8 14. Bd3 Nb6 15. a3 f5 16. exf5 gxf5 17. Bg5 Qd7 18. Nh4 Qf7 19. g4 {[%cal Rd3f5]} h6 20. Be3 {[%cal Rd3f5]} e4 21. Nxe4 (21. Bf1 $16) 21... fxe4 $11 22. Bxe4 Qf6 $1 {[%cal Rf6h4]} 23. Ng6 Re8 24. Rab1 Nd7 25. f4 $2 (25. Bd2 $14 {keeps the upper hand.}) 25... Nf8 (25... b5 $17 26. g5 Qf7) 26. g5 (26. Nxf8 $15 Rxf8 27. b4) 26... Qf7 $17 27. f5 (27. Nxf8 $17 Qxf8 28. b4) 27... Nxg6 $19 28. fxg6 Qe7 {[%mdl 64] [#] Double Attack} 29. Bg2 {Strongly threatening Bd2.} Qe5 $2 (29... hxg5 $19 30. Bxc5 Qd7 31. Rxe8+ Nxe8) 30. Qf2 $15 {Qf7+ is the strong threat.} Qf5 31. gxh6 Qxf2+ (31... Rxe3 $5 32. Qxe3 Bd4 33. Qxd4 (33. h7+ Kh8 $17) 33... cxd4 34. h7+ Kh8 35. g7+ {[%mdl 64] Decoy} Kxg7 36. Re7+ Kh8 $17) 32. Kxf2 Bf6 $1 {[%cal Rf6h4] White must now prevent ...Bh4+.} 33. Bf4 $1 {[%cal Rf4d6]} Bh4+ 34. Bg3 Bxg3+ 35. Kxg3 Bf5 $1 {[%csl LRb1,LRg6][%mdl 64] [#] Double Attack} 36. Rxe8+ Nxe8 37. Re1 {Threatens to win with Be4.} Bxg6 38. Re7 Bd3 39. b3 b6 (39... Nf6 $15) 40. Kf4 (40. Be4 $11 {keeps the balance.} Bxe4 41. Rxe4) 40... Nf6 $17 41. Rg7+ (41. Kg5 $15 Nh7+ 42. Kh4) 41... Kh8 42. Rf7 Ng8 43. Kg5 Bc2 44. Bf3 (44. h4 $17 {keeps fighting.}) 44... Re8 $19 45. Rxa7 Re5+ (45... Bxb3 $19 46. Rd7 Rf8) 46. Kf4 $15 Nxh6 47. Rb7 Rf5+ 48. Ke3 Rf6 ({Black should play} 48... Bxb3 $17 49. Rxb6 Bxc4 50. Rxd6 Nf7) 49. b4 $11 cxb4 50. axb4 Bb3 51. Be2 Nf5+ 52. Kd3 Ng3 53. Bg4 Rf4 54. Ke3 Rxc4 55. Rxb6 Kg7 56. Rxd6 Rxb4 57. Kd3 Ne4 58. Rd8 Ng5 59. Kc3 Rb6 60. Kd4 Nf7 61. Kc5 Ra6 62. Rd7 Ba4 63. Rb7 Kf8 64. Rb8+ Kg7 65. Rb7 Ra5+ 66. Kb4 Ra8 67. Be6 Be8 68. d6 Kf6 69. d7 Kxe6 70. dxe8=Q+ Rxe8 $15 {[%mdl 4096] Endgame KRN-KR} 71. Kc5 Ne5 72. Rb6+ Kf5 {aiming for ...Nd7+.} 73. Rb1 Rc8+ 74. Kd5 Rd8+ 75. Kc5 Nd3+ 76. Kc4 Ke4 77. Rb7 Rc8+ 78. Kb5 Rc1 79. Re7+ Ne5 80. Re8 Rc7 81. Rh8 Kd4 82. Rd8+ Nd7 83. h4 Kd5 84. Kb4 Rb7+ 85. Kc3 Ke4 86. Re8+ Ne5 87. Rh8 Rc7+ 88. Kb4 Nd3+ 89. Kb5 Nf4 90. Re8+ Kd4 91. Rg8 Rc5+ 92. Kb6 Nd5+ 93. Ka6 Rc6+ 94. Kb7 Rb6+ 95. Kc8 Kc5 {( -> ...Ne7+)} 96. Rg1 Rc6+ 97. Kd7 {And now Rc1+ would win.} Rd6+ 98. Ke8 Rh6 99. Kf7 Rxh4 100. Ke6 Re4+ 101. Kf5 Re3 102. Ra1 Nb6 103. Rd1 Nc4 104. Kf4 Re2 105. Rd3 Ne5 106. Rd1 Kc4 107. Rd8 Nc6 108. Rd7 Nd4 109. Ra7 Ne6+ 110. Kf5 Nc5 111. Ra8 (111. Kf6 $11) 111... Rf2+ ({Better is} 111... Kd5 $1 $15) 112. Ke5 $1 $11 Nd7+ 113. Ke4 (113. Kd6 $11) 113... Re2+ 114. Kf4 Kd5 115. Rd8 Re7 116. Kf5 Rf7+ (116... Kd6 $15) 117. Kg6 Rf6+ 118. Kg5 Rd6 119. Kf5 Kd4 120. Kf4 Rf6+ 121. Kg5 Rf7 122. Kg6 Re7 123. Kf5 Ke3 124. Ra8 {The position is equal.} Re5+ 125. Kg6 Nc5 126. Ra1 Ne4 127. Re1+ Kf4 128. Rf1+ Kg4 129. Rg1+ Ng3 130. Kf6 Re2 131. Ra1 Nh5+ 132. Kf7 Re5 133. Rg1+ Kf5 134. Ra1 Nf4 135. Rf1 Re2 136. Rf3 Re1 137. Rf2 Rd1 138. Ke7 Ke5 139. Rh2 Rd6 140. Rh1 $1 Nd5+ 141. Ke8 Nf4 142. Re1+ Kf6 143. Rf1 Rd4 144. Rf3 Ke5 145. Re3+ Kf5 146. Rf3 Ke4 147. Rf1 Rd6 148. Ke7 Ra6 149. Re1+ Kf5 150. Kd7 Ne6 151. Rf1+ Ke5 152. Re1+ Kd5 153. Rd1+ Nd4 154. Ke7 Re6+ 155. Kf7 Re4 156. Kf6 Kd6 157. Rd3 Rg4 158. Rd1 {Av CentiPawn Loss W=-9/B=-9. Weighted=-11/-12} 1/2-1/2